Hauptstädte, die auf 'u' enden - Statistiken

Allgemein
  • Dieses Quiz wurde 171 mal gespielt
  • Das Durchschnittsergebnis liegt bei 5 aus 12
Antwortstatistiken
Hauptstadt Land % Korrekt
Moskau Russland
72%
Baku Aserbaidschan
65%
Kischinau Moldawien
54%
Warschau Polen
49%
Nassau Bahamas
46%
Kathmandu Nepal
41%
Mogadischu Somalia
41%
Maseru Lesotho
36%
Bissau Guinea-Bissau
33%
Thimphu Bhutan
30%
Ouagadougou Burkina Faso
28%
Roseau Dominica
23%
Keine übereinstimmenden Quizze gefunden
Verteilung der Resultate
Anzahl Personen mit jedem Resultat
Perzentil nach korrekt beantworteten Fragen
Ihre Resultats-Entwicklung
Sie haben dieses Quiz noch nicht gespielt